2002 POPULATION AND HOUSING CENSUS VOLUME IV (Record no. 6703)

MARC details
000 -LEADER
fixed length control field 00479nam a22001217a 4500
008 - FIXED-LENGTH DATA ELEMENTS--GENERAL INFORMATION
fixed length control field 200324b ||||| |||| 00| 0 eng d
100 ## - MAIN ENTRY--PERSONAL NAME
Personal name The United Republic of Tanzania
245 ## - TITLE STATEMENT
Title 2002 POPULATION AND HOUSING CENSUS VOLUME IV
Remainder of title District profile
Statement of responsibility, etc. The United Republic of Tanzania
Medium English
260 ## - PUBLICATION, DISTRIBUTION, ETC. (IMPRINT)
Place of publication, distribution, etc. Dar es salaam
Name of publisher, distributor, etc. National Bureau of Statistics
Date of publication, distribution, etc. 2002
300 ## - PHYSICAL DESCRIPTION
Extent viii,122p.
Other physical details Illustration
Dimensions 29cm
650 ## - SUBJECT ADDED ENTRY--TOPICAL TERM
Source of heading or term 2002 population and housing census volume iv
942 ## - ADDED ENTRY ELEMENTS (KOHA)
Source of classification or shelving scheme Dewey Decimal Classification
Koha item type BOOKS
Holdings
Withdrawn status Lost status Source of classification or shelving scheme Damaged status Not for loan Home library Current library Date acquired Total Checkouts Barcode Date last seen Price effective from Koha item type
    Dewey Decimal Classification     Mwanza Mwanza 24/03/2020   10000002031 24/03/2020 24/03/2020 BOOKS

IRDP © 2021 :: Managed by ICT Team